000 00736cam a22002294a 4500
001 11974705
005 20171214045409.0
008 000413s2002 nyu j 001 0 eng
010 _a 00030685
020 _a0766815609
040 _aDLC
_cDLC
_dDLC
041 _aeng
042 _apcc
_alcac
080 _a745.92 GRI
082 0 0 _a745.92 GRI
_221
100 1 _a10
101 _aMJE
245 1 0 _aFloriculture :
_cCharles Griner.
906 _a7
_bcbc
_corignew
_d1
_eocip
_f20
_gy-gencatlg
942 _2ddc
_cBK
999 _c38925
_d38925